000 01161nam a2200349 i 4500
001 bg
245 0 0 _aSzkocja /
_c[przygot. ed. pol. Bogdan Rudnicki ; red. prowadzący Joanna Zaborowska ; tł. Paweł Franaszek, Wiktor Dert].
246 1 _iTyt. oryg.:
_aScotland
260 _aWarszawa :
_bMediaprofit,
_c2007.
300 _a[2], 357, [1] s. :
_bil. kolor. ;
_c23 cm.
490 1 _aBiblioteka Gazety Wyborczej. Podróże Marzeń ;
_v14
500 _aMapa i plan na wyklejkach.
504 _aIndeks.
651 9 _aSzkocja (Wielka Brytania)
655 _aPrzewodniki turystyczne
700 1 _aRudnicki, Bogdan.
_eOprac.
700 1 _aZaborowska, Joanna.
_eRed.
700 1 _aFranszek, Paweł.
_eTł.
700 1 _aDert, Wiktor.
_eTł.
700 1 _aDąbrowska-Dębska, Dorota.
_eRed.
830 0 _aBiblioteka Gazety Wyborczej.
_pPodróże Marzeń (2007)
_v14
015 _aPB 20228/2007
020 _a9788360174746
040 _cBPK
041 1 _apol
_heng
044 _aPOL
080 _a913(410.5)(036)
920 _a978-83-60174-74-6 :
_czł 25
942 _cKS
008 070917s2007 pl a |001 0 pol
999 _c54258
_d54258
856 _uhttp://koha.tu.koszalin.pl/cgi-bin/koha/opac-detail.pl?biblionumber=54258
_yKatalog online BPK